| 000 | 00536nam a2200193Ia 4500 | ||
|---|---|---|---|
| 005 | 20250508151552.0 | ||
| 008 | 008 250505s9999 xx 000 0 eng d | ||
| 037 | _aTextual | ||
| 040 |
_aFEDL _beng _cFEDL |
||
| 041 |
_aeng _2eng |
||
| 084 |
_a155.7, WIN _qFEDL |
||
| 100 |
_aWinfield P.H. _9691366 |
||
| 245 | 0 | _aMental abnormality and crime | |
| 260 |
_aLondon, UK _bMacmillan and Co. Ltd. _c1944 |
||
| 300 | _axxiv,316p. | ||
| 650 | _aChild Psychology | ||
| 942 |
_cTEXL _h155.7, WIN |
||
| 999 |
_c1330684 _d1330684 |
||